Historia Natural de los mamíferos.

Gespeichert in:
Bibliographische Detailangaben
1. Verfasser: Buffon. Autor
Weitere Verfasser: Cuvier. Autor St-Hilaire, Geoffroy. Autor
Format: keine Angabe
Sprache:Spanisch
Erschienen: México Lib. Vda. CH. Bouret 1917
Ausgabe:
Katalog:MANES:  Suchergebnis im Bibliothekskatalog
Schulbuchspezifische Eigenschaften:
Schriftenreihe:Biblioteca Juventud
Tags: Tag hinzufügen
Keine Tags, Fügen Sie den ersten Tag hinzu!
Hinzugefügt zu:26.04.2016
Geändert in:07.05.2025

MARC

LEADER 000000000a22000000004500
001 12633
003 OSt
005 20250507133349.0
008 160427s sp ||||| |||| 00| 0 spa d
040 |c centro_manes 
041 1 |a spa 
561 |5 es-CICE  |a España. Centro Internacional de la Cultura Escolar  |k MANES 
691 0 |a PRI 
100 1 |a Buffon. Autor  |9 7629 
700 1 |a Cuvier. Autor  |9 7630  |a St-Hilaire, Geoffroy. Autor  |9 7631 
245 0 0 |a Historia Natural de los mamíferos. 
250 |a 4ª 
260 3 |a México  |b Lib. Vda. CH. Bouret  |c 1917 
300 |a 105 p.  |c 14 x 9,5 cm 
440 |a Biblioteca Juventud  |9 7632 
500 |a Editado en Cartoné. 
690 0 |a CN 
942 |2 ddc  |c BK 
546 |a España 
999 |c 18607  |d 18607 
999 |c manes:18607  |d 18607